000 01049nam a2200349 c 4500
001 53249
003 ES-MaCES
005 20250203133054.0
008 240711s2024 sp l ||| | spa d
017 _aM 5289-2024
_bDL
020 _a9788419896438
040 _aES-MaCES
_bspa
_cES-MaCES
245 0 0 _aMemento práctico Francis Lefebvre, fiscal 2024
260 _aMadrid
_bFrancis Lefebvre
_c2024
300 _a2298 p.
_c24 cm
500 _aÍndices
541 _cCompra
650 4 _asistema tributario
_928092
650 4 _aadministración fiscal
_927209
650 4 _aimpuesto
_928086
650 4 _atributación
_928093
650 4 _aderecho fiscal
_927162
650 4 _alegislación económica
_927161
650 4 _aEspaña
_926964
650 4 _a2024
_941055
650 4 _aguía
_929262
653 1 0 _aDerecho financiero y tributario
710 2 _92636
_aEdiciones Francis Lefebvre
_eed.
787 0 _tMemento práctico Francis Lefebvre, fiscal 2023
_w(ES-MaCES)52845
902 _aLIB Libro
942 _2CES
_cBK
_h6.0.10.
999 _c53249
_d53249